| 000 | 00578nam a22001817a 4500 | ||
|---|---|---|---|
| 003 | CEME | ||
| 005 | 20210628202317.0 | ||
| 008 | 210210b xxu||||| |||| 00| 0 eng d | ||
| 020 | _a1-58053-495-3 | ||
| 040 | _c. | ||
| 082 | _a623.043 ADA | ||
| 100 |
_aAdamy , David. L _958139 |
||
| 245 | _aIntroduction to electronic warfare modeling and simulation | ||
| 260 |
_aLONDON _bARTECH HOUSE _c2003 |
||
| 300 | _aXIII,228P | ||
| 650 |
_aELECTRONICS IN MILITARY ENGINEERING -MATHEMATICAL MODELS.ELECTRONICS IN MILITARY ENGINEERING -SIMULATION METHODS. _959283 |
||
| 942 |
_cBK _2ddc |
||
| 999 |
_c569296 _d569296 |
||